00648nam a2200193Ia 4500008004100000020001800041082001500059100001900074245003800093250000800131260004300139300002900182500001900211600002100230650005000251942000700301952013100308999001500439240925s9999 xx 000 0 und d a9788189411343 a004.64 GOD aGodse, P. Atul 0aMicrocontroller and Applications  a1st aIndia:bTechmedia publicationsc,2007. axiii,885p.bNAfOriginal aIncludes Index aComputer Science aComputer science, information & general works cBK 001040708CSaUITUbUITUd2008-05-13eRoyal Book Company g574.20l0o004.64 GODpQ7480r2024-09-25 07:14:37w2024-09-25yBK c9979d9979